000 00793nam a2200253 a 4500
001 58642
003 BD-RjUL
005 20211209080637.0
008 161219s1991 enkab b 000 0 eng
020 _a0813311136 (pbk. : alk. paper)
035 _a(BD-RjUL)
040 _aDLC
_cDLC
_dBD-RjUL
_beng
041 _aeng
082 0 0 _a327.46
_223
_bSPA 1991
245 1 0 _aSpanish foreign and defense policy /
_cedited by Kenneth Maxwell.
260 _aBoulder :
_bWestview Press,
_cc1991.
300 _axiii, 265 p. :
_bill., maps ;
_c23 cm.
504 _aIncludes bibliographical references.
651 0 _aSpain
_xForeign relations
_y1975-
_9174283
651 0 _aSpain
_xMilitary policy.
_9174284
700 1 _aMaxwell, Kenneth,
_d1941-
_9174285
942 _2ddc
_cBK
999 _c58642
_d58642